000 00526nam a2200181Ia 4500
003 GCL
008 140319s9999 xx 000 0 ara d
040 _aGCL /
_cGCL
082 0 4 _a823
_bهـ ن
100 1 _aنظمى لوقا
245 1 0 _aنقطة مقابل نقطة /
_cنظمى لوقا
300 _a428 ص
490 _aالالف كتاب الثانى
_v0
650 0 4 _aالادب
650 0 4 _aالادب الانجليزى المترجم
650 0 4 _aالادب العالمى المترجم
942 _2ddc
_cBK
999 _c44298
_d44298